书目信息 |
| 题名: |
中国网民政策态度的扎根研究
|
|
| 作者: | 陈娇娥 著 | |
| 分册: | ||
| 出版信息: | 武汉 华中科技大学出版社 2017 |
|
| 页数: | 182页 | |
| 开本: | 24cm | |
| 丛书名: | 网络舆情与网络社会治理研究丛书 | |
| 单 册: | ||
| 中图分类: | D669 , TP393.4 | |
| 科图分类: | ||
| 主题词: | 互联网络--hu lian wang lao--社会影响--研究--中国 | |
| 电子资源: | ||
| ISBN: | 978-7-5680-1391-8 | |
| 000 | 01359nam0 22002771 450 | |
| 001 | 0102164842 | |
| 005 | 20170502164842.0 | |
| 010 | @a978-7-5680-1391-8@dCNY42.00 | |
| 100 | @a20170221d2017 em y0chiy50 ea | |
| 101 | 0 | @achi |
| 102 | @aCN@b420000 | |
| 105 | @ay z 000yy | |
| 106 | @ar | |
| 200 | 1 | @a中国网民政策态度的扎根研究@9zhong guo wang min zheng ce tai du de za gen yan jiu@f陈娇娥著 |
| 210 | @a武汉@c华中科技大学出版社@d2017 | |
| 215 | @a182页@d24cm | |
| 225 | 2 | @a网络舆情与网络社会治理研究丛书@9wang lao yu qing yu wang lao she hui zhi li yan jiu cong shu@h第一批 |
| 300 | @a“十二五”国家重点图书出版规划项目 国家出版基金资助项目 | |
| 330 | @a本书作者采用扎根理论对中国网民政策态度形成机制进行了探索性研究。资料来源于2009年6月-2012年1月具有代表性的网络公共政策议题及分布于新浪、网易、搜狐、腾讯、凤凰网、南方周末、中华网、中新网、强国论坛、凯迪社区、天涯社区、西祠胡同等12个主要网站的逾万条网民评议。通过研究,发现现阶段中国网民的政策态度是“倾向性的政策态度”,揭示了网民特定趋向政策态度的形成以及倾向性政策态度随作用力的变化而向差异性政策态度转化的特性。 | |
| 461 | 0 | @12001 @a网络舆情与网络社会治理研究丛书 |
| 606 | 0 | @a互联网络@9hu lian wang lao@x社会影响@x研究@y中国 |
| 690 | @aD669@v5 | |
| 690 | @aTP393.4@v5 | |
| 701 | 0 | @a陈娇娥@9chen jiao e@4著 |
| 801 | 0 | @aCN@b百万庄@c20170308 |
| 905 | @b1001740-5@dD669@e175@f6 | |
| 中国网民政策态度的扎根研究/陈娇娥著.-武汉:华中科技大学出版社,2017 |
| 182页;24cm.-(网络舆情与网络社会治理研究丛书.第一批) |
| “十二五”国家重点图书出版规划项目 国家出版基金资助项目 |
| ISBN 978-7-5680-1391-8:CNY42.00 |
| 本书作者采用扎根理论对中国网民政策态度形成机制进行了探索性研究。资料来源于2009年6月-2012年1月具有代表性的网络公共政策议题及分布于新浪、网易、搜狐、腾讯、凤凰网、南方周末、中华网、中新网、强国论坛、凯迪社区、天涯社区、西祠胡同等12个主要网站的逾万条网民评议。通过研究,发现现阶段中国网民的政策态度是“倾向性的政策态度”,揭示了网民特定趋向政策态度的形成以及倾向性政策态度随作用力的变化而向差异性政策态度转化的特性。 |
| ● |
| 相关链接 |
|
|
|
|
正题名:中国网民政策态度的扎根研究
索取号:D669/175
 
预约/预借
| 序号 | 登录号 | 条形码 | 馆藏地/架位号 | 状态 | 备注 |
| 1 | 1001740 | 210017408 | 第一样本阅览室/ [索取号:D669/175] | 在馆 | |
| 2 | 1001741 | 210017417 | 教育系资料室/ [索取号:D669/175] | 在馆 | |
| 3 | 1001742 | 210017426 | 教育系资料室/ [索取号:D669/175] | 在馆 | |
| 4 | 1001743 | 210017435 | 教育系资料室/ [索取号:D669/175] | 在馆 | |
| 5 | 1001744 | 210017444 | 第一借阅区/ [索取号:D669/175] | 在馆 | |
| 6 | 1001745 | 210017453 | 第一借阅区/ [索取号:D669/175] | 在馆 |